| 000 | 00455nam a22001697a 4500 | ||
|---|---|---|---|
| 999 |
_c7762 _d7762 |
||
| 003 | OSt | ||
| 005 | 20220301134340.0 | ||
| 008 | 220301b ||||| |||| 00| 0 eng d | ||
| 020 | _a9780521596497 | ||
| 040 | _cDDC | ||
| 082 | _a200.92 THO 1998 | ||
| 100 |
_aThormas, John K _915826 |
||
| 245 |
_aThe kongolese saints Anthony _b: Dona beatriz kimpa vita and the Antonian movement |
||
| 300 |
_aviii,228p. _c; 23 cm |
||
| 504 | _aIndex | ||
| 942 |
_2ddc _cBOOK |
||